00258 a2200109 4500001000700000040003500007100003200042240003100074245002600105300000800131362000900139155479 cEscola São Tomás de Aquino aMAGALHÃES, Thereza Cochar10aLiteratura Brasileiralpor10aLiteratura Brasileira a6080 a2009